00399nam a2200157Ia 4500008004100000020001800041082000800059100001900067245003100086250000600117260003300123300001500156500002400171650001500195700003100210230524s9999 xx 000 0 und d a9788127249949 bGUP aShashi K.Gupta 0aFinancial Management- I+II a1 aNew Delhibkalyani pubc2009 a"21, 16p;" aQuantity Number: 1 aManagement a"R.K.Sharma , Neeti Gupta"